|
|
|
|
| LEADER |
00000nab a2200000 a 4500 |
| 001 |
vtls000557419 |
| 003 |
SK-MaSNL |
| 005 |
20260426080354.0 |
| 008 |
250425c1995 xo 0 slo |
| 015 |
|
|
|a SNBRB19rr/mm-uuuuu
|
| 035 |
|
|
|a CL0557557
|
| 035 |
|
|
|a urn:nbn:sk:snk-abakwd
|
| 035 |
|
|
|a (urnnbn)urn:nbn:sk:snk:ar-00849y
|
| 035 |
|
|
|a (uuid)d6154337-4fec-45af-af2b-7ca3fcab274f
|
| 040 |
|
|
|a SNKBUCL
|b slo
|c SNKBUCL
|e AACR2
|
| 041 |
0 |
|
|a slo
|
| 044 |
|
|
|a xo
|c SK
|
| 080 |
|
|
|a 943.76"08/19"
|2 1981
|
| 080 |
|
|
|a 930.85(437.6)"08/19"
|2 1981
|
| 100 |
1 |
|
|a Eliáš, Michal,
|d 1934-2018
|4 aut
|9 13333
|
| 245 |
1 |
0 |
|a Z dejín cyrilometodskej tradície
|c Michal Eliáš
|
| 651 |
|
7 |
|a Slovensko
|2 snkbucl
|9 14231
|
| 655 |
|
7 |
|a články z novín a časopisov
|2 snkbucl
|9 267496
|
| 655 |
|
7 |
|a články z odboru slavistika
|2 snkbucl
|9 150819
|
| 773 |
0 |
|
|t Literárny týždenník
|g Roč. 8, č. 25 (1995), s. 15
|x 0862-5999
|
| 850 |
|
|
|a Slovenská národná knižnica
|
| 852 |
|
|
|a Slovenská národná knižnica
|
| 954 |
|
|
|a odborná, vedecká literatúra pôvodná (slovenská)
|2 lita
|
| 958 |
|
|
|a article14
|
| 958 |
|
|
|a RK
|
| 958 |
|
|
|a SS
|
| 958 |
|
|
|a SK
|
| 958 |
|
|
|a OND
|
| 958 |
|
|
|a EUIPO
|
| 999 |
|
|
|c 2804949
|d 2806879
|